| 000 | 00449cam a2200181ua 4500 | ||
|---|---|---|---|
| 003 | OSt | ||
| 008 | 250104b |||||||| |||| 00| 0 eng d | ||
| 020 | _a978821924504 | ||
| 082 |
_a621.381 _bMEH/PR |
||
| 100 | _aMehta, V K . | ||
| 100 |
_aRohit, Mehta . _91242 |
||
| 245 | _aPrinciples of electronics / | ||
| 250 | _a9 / 11 | ||
| 260 |
_aNew Delhi : _bS.Chand and Co , _c2007. |
||
| 300 | _a560, 778 | ||
| 500 | _a20884-Scheme | ||
| 942 | _cBK | ||
| 999 |
_c10656 _d10656 |
||